Los cuerpos intermedios naturales y artificiales, en las instituciones políticas de Norteamérica y de Inglaterra / (Record n. 31594)
[ formato base ]
| 000 -LEADER | |
|---|---|
| fixed length control field | 01068cam a2200229 i 4500 |
| 003 - CONTROL NUMBER IDENTIFIER | |
| control field | IT-RoINE |
| 005 - DATE AND TIME OF LATEST TRANSACTION | |
| control field | 20200626054920.0 |
| 008 - FIXED-LENGTH DATA ELEMENTS--GENERAL INFORMATION | |
| fixed length control field | 930725s1969 sp r | spa d |
| 040 ## - CATALOGING SOURCE | |
| Original cataloging agency | SpMaBN |
| Transcribing agency | A2 IT-RoINE |
| Modifying agency | IT-RoINE |
| 100 1# - MAIN ENTRY--PERSONAL NAME | |
| Personal name | Moreno y de Herrera, Francisco, |
| Dates associated with a name | 1909-1978 |
| 9 (RLIN) | 61930 |
| 245 14 - TITLE STATEMENT | |
| Title | Los cuerpos intermedios naturales y artificiales, en las instituciones políticas de Norteamérica y de Inglaterra / |
| Statement of responsibility, etc | discurso de recepción del académico... D. Francisco Moreno y de Herrera, Conde de los Andes. Y Contestación del... Sr. D. Leopoldo Eulogio Palacios Rodríguez. Sesión del 28 de enero de 1969 |
| 260 1# - PUBLICATION, DISTRIBUTION, ETC. (IMPRINT) | |
| Place of publication, distribution, etc | Madrid |
| Name of publisher, distributor, etc | [s.n.] |
| Date of publication, distribution, etc | 1969 |
| 300 ## - PHYSICAL DESCRIPTION | |
| Extent | 79 p. ; |
| Dimensions | 24 cm- |
| 336 ## - CONTENT TYPE | |
| Source | rdacontent |
| Content type term | text |
| 337 ## - MEDIA TYPE | |
| Source | rdamedia |
| Media type term | unmediated |
| 338 ## - CARRIER TYPE | |
| Source | rdacarrier |
| Carrier type term | volume |
| 650 #4 - SUBJECT ADDED ENTRY--TOPICAL TERM | |
| Topical term or geographic name as entry element | Instituciones políticas |
| Geographic subdivision | Gran Bretaña |
| 9 (RLIN) | 61931 |
| 650 #4 - SUBJECT ADDED ENTRY--TOPICAL TERM | |
| Topical term or geographic name as entry element | Instituciones políticas |
| Geographic subdivision | Estados Unidos |
| 9 (RLIN) | 61932 |
| 700 1# - ADDED ENTRY--PERSONAL NAME | |
| 9 (RLIN) | 61933 |
| Personal name | Palacios, Leopoldo-Eulogio, |
| Dates associated with a name | 1912-1981 |
| 710 2# - ADDED ENTRY--CORPORATE NAME | |
| 9 (RLIN) | 104 |
| Corporate name or jurisdiction name as entry element | Real Academia de Ciencias Morales y Políticas (Madrid, España) |
| 942 ## - ADDED ENTRY ELEMENTS (KOHA) | |
| Item type | Monografías |
| Withdrawn status | Lost status | Damaged status | Not for loan | Home library | Current library | Shelving location | Date acquired | Full call number | Barcode | Date last seen | Price effective from | Koha item type |
|---|---|---|---|---|---|---|---|---|---|---|---|---|
| Iglesia Nacional Española en Roma | Iglesia Nacional Española en Roma | Depósito | 30/07/2019 | HIS.GEN 219 | 58079 | 30/07/2019 | 30/07/2019 | Monografías |